Southville International School and Colleges
Your cart is empty.
  • Cart
  • Lists
    Public lists Eva Luna New books Lux_list list_1
    Your lists Log in to create your own lists
  • Log in to your account
  • Your cookies
  • Search history
Southville International School and Colleges
  • Advanced search
  • Recent comments
  • Most popular
  • Libraries

Log in to your account

Log in with GOOGLE


If you do not have an external account, but do have a local account, you can still log in:

  1. Home
  2. MARC view: Too many puppies (w/cd) /
Normal view MARC view ISBD view

Too many puppies (w/cd) / (Record no. 41695)

[ view plain ]
MARC details
000 -LEADER
fixed length control field 00594nam a2200217Ia 4500
005 - DATE AND TIME OF LATEST TRANSACTION
control field 20140407104424.0
008 - FIXED-LENGTH DATA ELEMENTS--GENERAL INFORMATION
fixed length control field 140130s9999 xx 000 0 und d
020 ## - INTERNATIONAL STANDARD BOOK NUMBER
International Standard Book Number 9788953911680
050 ## - LIBRARY OF CONGRESS CALL NUMBER
Classification number PZ 7
Item number .B7572To 1997
100 ## - MAIN ENTRY--PERSONAL NAME
Personal name Brewster, Patience.
9 (RLIN) 31410
245 ## - TITLE STATEMENT
Statement of responsibility, etc Patience Brewster.
Title Too many puppies (w/cd) /
260 ## - PUBLICATION, DISTRIBUTION, ETC. (IMPRINT)
Name of publisher, distributor, etc Scholastic Inc.,
Date of publication, distribution, etc c1997.
Place of publication, distribution, etc USA :
300 ## - PHYSICAL DESCRIPTION
Extent 30 p. :
Other physical details col. ill. ;
Dimensions 23 cm.
440 ## - SERIES STATEMENT/ADDED ENTRY--TITLE
Volume number/sequential designation 1
521 ## - TARGET AUDIENCE NOTE
Target audience note
526 ## - STUDY PROGRAM INFORMATION NOTE
Reading level 420
650 ## - SUBJECT ADDED ENTRY--TOPICAL TERM
Topical term or geographic name as entry element Dogs
General subdivision Fiction.
9 (RLIN) 31411
650 ## - SUBJECT ADDED ENTRY--TOPICAL TERM
Topical term or geographic name as entry element Animals
General subdivision Infancy
-- Fiction.
9 (RLIN) 31412
942 ## - ADDED ENTRY ELEMENTS (KOHA)
Koha item type Books
Source of classification or shelving scheme Library of Congress Classification
Holdings
Withdrawn status Lost status Source of classification or shelving scheme Damaged status Home library Current library Shelving location Date acquired Total Checkouts Full call number Barcode Date last seen Copy number Price effective from Koha item type
    Library of Congress Classification   Munich Library Munich Library Scholastic Reading Center Section 01/30/2014   PZ 7 .B7572To 1997 MS1602 01/30/2014 1 03/11/2014 Books

Too many puppies (w/cd) /

APA

Brewster P., . (1997). Too many puppies (w/cd). USA: Scholastic Inc.

Chicago

Brewster Patience, . 1997. Too many puppies (w/cd). USA: Scholastic Inc.

Harvard

Brewster P., . (1997). Too many puppies (w/cd). USA: Scholastic Inc.

MLA

Brewster Patience, . Too many puppies (w/cd). USA: Scholastic Inc. 1997.

  • Place hold
  • Print
  • Cite
  • Add to your cart (remove)
  • Save record
    BIBTEX Dublin Core MARCXML MARC (non-Unicode/MARC-8) MARC (Unicode/UTF-8) MARC (Unicode/UTF-8, Standard) MODS (XML) RIS
  • More searches
    Search for this title in:
    Other Libraries (WorldCat) Other Databases (Google Scholar) Online Stores (Bookfinder.com) Open Library (openlibrary.org)

Exporting to Dublin Core...

SOUTHVILLE LIBRARY

Southville International School and Colleges Library

1281 Tropical Ave. Cor. Luxembourg St., BF Homes International, Las Pinas City

Tel. No. 8256374 / 252358 Loc. 117/146

Powered by Koha